000 00293nam a22001337a 4500
008 170718b xxu||||| |||| 00| 0 eng d
020 _a0393015297
041 _aeng
080 _a2
100 _a24
101 _aTEO
245 _aTHE MUSLIM DISCOVERY OF EUROPE
_cLEWIS, B
942 _2udc
_cBK
999 _c21484
_d21484